Pays de l'UEFA Euro 2024 - Statistiques

Statistiques générales
  • Ce quiz a été pris 85 642 fois
    85 084 depuis la dernière actualisation
  • Le résultat moyen est 20 sur 24
Statistiques - réponses
Pays Group % Correct
France D4
100%
Espagne B1
98%
Allemagne A1
96%
Portugal F3
96%
Italie B3
95%
Angleterre C4
93%
Belgique E1
90%
Suisse A4
90%
Pays-Bas D2
88%
Pologne D1
86%
Croatie B2
85%
Autriche D3
83%
Danemark C2
80%
Ukraine E4
80%
Hongrie A3
78%
Slovaquie E2
76%
Turquie F1
76%
Roumanie E3
75%
Slovénie C1
75%
Albanie B4
74%
Serbie C3
72%
Écosse A2
71%
République Tchèque F4
69%
Géorgie F2
56%
Aucun quiz correspondant
Distribution des résultats
% des personnes avec chaque résultat
Percentile par nombre de réponses
Votre historique - résultats
Vous n’avez pas pris ce quiz depuis la dernière actualisation